000 00838nam a2200205 i 4500
001 167048
003 ES-MaACL
005 20250930063148.0
008 931025s1889 sp |||| | spa d
100 1 _aVázquez Prada, Manuel,
_dm. 1904
_9166759
245 1 0 _aLucubraciones algebraicas
_b: parte segunda : ecuaciones : suplemento a los libros primero y segundo ... /
_cpor Manuel Vázquez Prada.
260 _aMadrid :
_b[s.n.],
_c1889 (
_fImp. de Enrique Rubiños)
300 _a72 p. ;
_c21 cm.
530 _aDisponible en formato digital.
650 7 _aÁlgebra
_2embne
_99720
650 4 _aEcuaciones.
_9135950
852 _aES-MaACL
_jF-5060(6)
_z- Enc. hol.
856 _uhttp://bibliotecavirtual.asturias.es/i18n/consulta/registro.cmd?id=1547
_zBiblioteca Virtual del Principado de Asturias
999 _c167048
_d167048